| 000 | 00417nam a2200133Ia 4500 | ||
|---|---|---|---|
| 005 | 20260326100041.0 | ||
| 008 | 260326s9999||||xx |||||||||||||| ||und|| | ||
| 100 | _aGil Tovar, Francisco | ||
| 245 | 0 |
_aHistoria del Arte e iniciación al conocimiento de los Estilos : _b Arquitectura, Escultura y Pintura / _cFrancisco Gil Tovar |
|
| 260 | _bBibliográfica Colombiana | ||
| 300 | _a461 p. | ||
| 650 | _aARTE | ||
| 942 | _cBK | ||
| 999 |
_c7004 _d7004 |
||